000
00203nam a22000857a 4500
001
1236354
005
20251001163043.0
245
_a
KÜÇÜCEK
_c
MÜSLİM ÇELİK
260
_b
GÜNIŞIĞI KİTAPLIĞI YAYINLARI
999
_c
1236354
_d
1236354